000 00300nam a22001457a 4500
008 211011b ||||| |||| 00| 0 eng d
020 _a9780894711350
041 _aeng
080 _a611
082 _a611
100 _a6
101 _aANA
245 _aGray's Anatomy
_cGray,H
942 _2udc
_cBK
999 _c58145
_d58145